Fundamentos de contabilidad administrativa (Registro nro. 36430)

Detalles MARC
000 -LEADER
fixed length control field 01629 a2200229 4500
001 - CONTROL NUMBER
control field 63945
005 - DATE AND TIME OF LATEST TRANSACTION
control field 20260521160827.0
008 - FIXED-LENGTH DATA ELEMENTS--GENERAL INFORMATION
fixed length control field 260521a1979 arg spa d
003 - CONTROL NUMBER IDENTIFIER
control field AR-UNSa-BCEJYS
040 ## - CATALOGING SOURCE
Original cataloging agency AR-UNSa-BCEJYS
Language of cataloging spa
Transcribing agency AR-UNSa-BCEJYS
080 ## - UNIVERSAL DECIMAL CLASSIFICATION NUMBER
Universal Decimal Classification number 657
Common auxiliary subdivision Contabilidad
020 ## - INTERNATIONAL STANDARD BOOK NUMBER
International Standard Book Number 978-968-18-0959-1
041 ## - LANGUAGE CODE
Language code of text/sound track or separate title spa
100 1# - MAIN ENTRY--PERSONAL NAME
Personal name Copeland, Ronald M.
245 10 - TITLE STATEMENT
Title Fundamentos de contabilidad administrativa
264 #1 - PRODUCTION, PUBLICATION, DISTRIBUTION, MANUFACTURE, AND COPYRIGHT NOTICE
Place of production, publication, distribution, manufacture México :
Name of producer, publisher, distributor, manufacturer Limusa
Date of production, publication, distribution, manufacture, or copyright notice 1979
300 ## - PHYSICAL DESCRIPTION
Extent xviii, 643 p.
Dimensions 24 cm.
505 ## - FORMATTED CONTENTS NOTE
Formatted contents note 1. Objetivos de la contabilidad administrativa - 2. Objetivos, restricciones y procesos de evaluación - 3. El presupuesto principal: Planeación de alternativas a corto plazo - 4. La presupuestación a corto plazo en un ambiente incierto - 5. Presupuestación por análisis especiales: planeación de costo-volumen-utilidad - 6. Presupuestación del capital: búsqueda de alternativas a largo plazo - 7. Complejidades adicionales de la planeación de proyectos - 8. Costeo del producto - La fabricación sobre pedido sobre pedido como alternativa - 9. Costeo del producto - El proceso como alternativa - 10. Costos conjuntos y transferencias interdivisionales - 11. Informes para el análisis de decisiones - 12. El control de la empresa - Contabilidad por áreas de responsabilidad - 13. Extensiones del control en las entidades económicas descentralizadas - 14. Costos estandar y medición de las variaciones - 15. Control administrativo en las entidades no lucrativas - 16. La contabilidad y el comportamiento -
590 ## - LOCAL NOTE (RLIN)
Local note niveau_biblio:m niveau_hierar:0
700 1# - ADDED ENTRY--PERSONAL NAME
Personal name Dascher, Paul E.
942 ## - ADDED ENTRY ELEMENTS (KOHA)
Koha item type
Existencias
Withdrawn status Lost status Damaged status Not for loan Home library Current library Shelving location Date acquired Total checkouts Full call number Barcode Date last seen Price effective from Koha item type
        Biblioteca Prof. Eusebio Cleto del Rey Biblioteca Prof. Eusebio Cleto del Rey   21/05/2026   657 C782 L33893 21/05/2026 21/05/2026 Libro